Fall Out Boy Save Rock and Roll full album - Statistics

General Stats
  • This quiz has been taken 1,476 times
    1,468 since last reset
  • The average score is 11 of 13
Answer Stats
Hint Song Title % Correct
11. Ft. Elton John Save Rock and Roll
97%
2. Longest title on the album My Songs Know What you did in the Dark (Light 'em Up)
91%
10. Ft. Courtney Love Rat a Tat
90%
4. "My old aches become new again. My old friends become ex's again." Where did the Party go?
89%
3. "I'll check in tomorrow if I don't wake up dead." Alone Together
88%
5. Ft. Foxes Just One Yesterday
86%
9. La dun da da la dun da da da la dun da da n da doo Young Volcanoes
86%
1. Can get anyone pumped up for anything The Phoenix
85%
7. "The person that you'd take a bullet for is behind the trigger." Miss Missing You
84%
6. Ft. Big Sean The Mighty Fall
83%
Extra: This is Fall Out Boy's ___ album. 6th
81%
8. "I wanna see the dirt under your skin." Death Valley
80%
Extra: How long was Fall Out Boy on hiatus? 3 years
78%
No matching quizzes found
Score Distribution
Percent of People with Each Score
Percentile by Number Answered
Your Score History
You have not taken this quiz since the last reset